Quizzes
Events
Quiz Creation
Community
Videos
Private Events
Remove Ads
Sign In
Join for FREE
Feedback
Dark Mode
Quiz Categories
Sports
Geography
Music
Movies
Television
Just For Fun
Miscellaneous
History
Literature
Language
Science
Gaming
Entertainment
Religion
Holiday
For Kids
Quiz Lab
Recent
Popular Today
Quiz Kudos Today
Editor Picks
Curator Picks
Quizzes by...
Day
Popularity
Type
Ratings
Length
Year
Community
Subscriptions
Recent Discussions
Orange Saloon
Badges
Playlists
Quests
Create
Leaderboards
Showdown
Live 5
Trivia Bingo
Activity
Puzzle Library
Sporcle Events
Private Events
Virtual Trivia
Globe League
Become a Host
Pub Owners
SporcleCon
Opinionation
Our Games
Videos
Blog
Mobile Apps
Partnerships
Remove Ads and Go Orange
Feedback
Geography
Country
Landmarks
City
State
Population
World
Capital
Continent
Flags
Europe
Africa
Asia
South America
North America
Oceania
Border
Canada
United Kingdom
Topography
United States
Geography
Country
Landmarks
City
State
Population
World
Capital
Continent
Flags
Europe
Africa
Asia
South America
North America
Oceania
Border
Canada
United Kingdom
Topography
United States
Random Quiz
Search Sporcle
×
Quiz Lab
Quiz Lab
Geography
Color
Type in answers that appear in a list
Type in answers that appear in a list
Classic
Best Score? Go Orange.
2 Colo(u)red Flags Stats
Can you name the 2 Colored Flags?
By
NvjdsIsSmart
7m
39 Questions
295 Plays
295 Plays
295 Plays
Comments
Comments
Give Quiz Kudos
Give Quiz Kudos
-
- Ratings
hide this ad
Replay
Link that replays current quiz
Next Quiz
Link to next quiz in quiz playlist
You Got
0%
They Got
Avg Score
66%
Avg Friend Score
Upgrade to see
Score Distribution
Jump to the score distribution portion of the page
Score
0/39
Timer
07:00
0
Plays Today
Colo(u)rs
Country
% Correct
Red, White
Japan
86.8%
Red, Yellow
China
84.7%
Red, White
Canada
84.4%
Red, White
Poland
84.1%
Red, White
Indonesia
82.4%
Blue, Yellow
Sweden
81.7%
Blue, White
Finland
79.7%
Red, White
Denmark
77.6%
Red, White
Monaco
77.3%
Blue, Yellow
Ukraine
75.6%
Red, White
Austria
73.6%
Red, White
Turkey
72.9%
Red, Yellow
Vietnam
70.8%
Blue, White
Greece
70.2%
Green, White
Nigeria
68.5%
Red, Black
Albania
68.1%
Blue, White
Israel
68.1%
Red, Green
Bangladesh
67.5%
Blue, Yellow,
Kazakhstan
67.1%
Red, White
Latvia
66.4%
Colo(u)rs
Country
% Correct
Maroon, White
Qatar
66.4%
Red, Green
Morocco
65.8%
Red, White
Tunisia
65.8%
Red, White
Switzerland
65.1%
Red, White
Bahrain
64.7%
Green, White
Saudi Arabia
64.4%
Red, Yellow
Kyrgyzstan
63.4%
Green, White
Pakistan
63.4%
Red, White
Peru
63.4%
Blue, Yellow
Palau
62%
Blue, White
Somalia
58.3%
Blue, White
Honduras
57.6%
Red, White
Singapore
54.6%
Red, White
Georgia
53.9%
Yellow, White
Republic of Macedonia
53.2%
Red, White
Tonga
49.5%
Green, Yellow
Mauritania
47.5%
Blue, White
Federated States of Micronesia
46.4%
Red, Yellow
Montenegro
31.5%
Quiz Playlist
Details
Report
Send in Message
Add To Playlist
Classic:
Type in answers that appear in a list
Last Updated: Feb 16, 2017
Quiz Scoreboard
CHALLENGE
Sign Up to Join the Scoreboard
Show All
Scores
Hide
Comments
May contain spoilers
Recently Published
9x9 Crossword: Cartoon Network
by jackfrog10
Miscellaneous
3m
College Basketball Coaching Resumes
by pancakes188
Sports
9m
Billboard Blitz: Fleetwood Mac
by CooCooCachoo
Music
15s
More to Explore
Quiz From the Vault
Featured Blog Post
Where Did the Easter Bunny Come From?
hide this ad
You Might Also Like...
Tags
Color Quiz
Country Quiz
Flags Quiz
colo
Red
Today's Top Quizzes in Geography
Browse Geography
hide this ad
Today's Top Quizzes in Color
Browse Color
Top Contributed Quizzes in Geography
1
Countries of the World - No Outlines Minefield
2
Top 25 Cities of France on a map
3
Any capital of a 'B' country per Continent
4
Any capital of a 'C' country per Continent
5
Closest Countries to UK A-Z
6
Any capital of a 'D' country per Continent
7
5-to-1: US Geography No Hints
8
Any capital of an 'E' country per Continent
9
Find the US States - No Outlines
10
Any capital of an 'F' country per Continent
Explore More
Trending Topics
Kpop
Harry Potter
Marvel
Disney
NBA
Crossword
Anime
NFL
WWE
Country
Pokémon
Song
Puzzle
Soccer
The Office
hide this ad
More By:
NvjdsIsSmart
Quiz
Plays
Rating
Category
Featured
Created
Most Populous States Minefield
658,385
4.26
Geography
Jul 1, 2011
Country by Continent/Beginning Letter
277,714
4.74
Geography
Feb 23, 2011
24 Largest Countries Alphabetically
241,932
3.14
Geography
Aug 19, 2011
Most Populous Country A-Z Minefield
146,624
3.80
Geography
Aug 17, 2011
Least Populous States Minefield
115,628
4.33
Geography
Jul 7, 2011
Go to Creator's Profile
Score Distribution
Quiz Creator Spotlight
NvjdsIsSmart
Follow
Send a Message
Quizzes Created
-
Created Quiz Play Count
-
More By This Creator
Popular Quizzes Today
1
Find the US States - No Outlines Minefield
2
Find the Countries of Europe - No Outlines Minefield
3
The Countries of the World
4
Find the US States
5
Risky Map Clicking: Biggest States A-Z
6
US States
7
Popular People in 1961
8
Movies - When Are They Set?
More Geography Quizzes
Pick the WRONG Word: Countries
Published
Trending Quizzes
Risky Map Clicking: Least Populous States A-Z
1-10 Letter G Words
Risky Map Clicking: Next State Alphabetically
Adjectives in 80s TV Shows
The Seven Year Switch: Catherine
Recently Updated
Leaping Animals
pecheneg
Reality TV Shows (A-Z)
bhenderson79
Rickey Henderson's Hall of Fame Teammates
pecheneg
Champions League XIs: Arsenal
pecheneg
Quick Pick: Celebrities in WWE's Hall of Fame
aduchscher
A-Z Keypad Blitz II
pecheneg
Multiple Oscar Actors
pecheneg
Mystery Phrase Blitz: Oscar 'Best Actors'
pecheneg
F. Scott Fitzgerald Novels
LTH
Pick 3 Villains
ddd62291
Trending Topics
Harry Potter
Crossword
Kpop
NBA
Disney
Marvel
Anime
Pokémon
NFL
Song
Country
The Office
Soccer
WWE
Puzzle
Your Account Isn't Verified!
In order to create a playlist on Sporcle, you need to verify the email address you used during registration. Go to your
Sporcle Settings
to finish the process.
Report this User
Report this user for behavior that violates our
Community Guidelines
.
Details:
Send Report
Go to the Sporcle.com Mobile Site →
Comments